Το δέντρο της ζωής σε τέσσερις εποχές

Αποθηκεύτηκε σε:
Λεπτομέρειες βιβλιογραφικής εγγραφής
Συγγραφή απο Οργανισμό/Αρχή: Ελλάς. Υπουργείο Πολιτισμού
Άλλοι συγγραφείς: Χρυσουλάκη, Στέλλα Δ. (edtf)
Μορφή: Βιβλίο
Γλώσσα:Greek
Δημοσίευση: Αθήνα : Εν Πλω, [c2009].
Θέματα:
Ετικέτες: Προσθήκη ετικέτας
Δεν υπάρχουν, Καταχωρήστε ετικέτα πρώτοι!

MARC

LEADER 00000cam a2200000 i 4500
001 1/9164
008 100712s2009 gr ||| ||gre||
020 |a 9789602148808 
035 |l 10108529 
040 |a GR-MY-UA  |b gre  |e aacr 
041 0 |a gre 
082 7 |a 743.76   |2 (22) 
110 1 |a Ελλάς.   |b Υπουργείο Πολιτισμού. 
245 1 3 |a Το δέντρο της ζωής σε τέσσερις εποχές /   |c Υπουργείο Πολιτισμού και Τουρισμού - Γενική Διεύθυνση Αρχαιοτήτων και Πολιτιστικής Κληρονομιάς - Διεύθυνση Μουσείων, Εκθέσεων και Εκπαιδευτικών Προγραμμάτων - Τμήμα Εκπαιδευτικών Προγραμμάτων και Επικοινωνίας ; γενική επιμέλεια: Στέλλα Χρυσουλάκη ; επιμέλεια, σχέδια: Αλεξάνδρα Σέλελη.  
260 |a Αθήνα :   |b Εν Πλω,   |c [c2009].  
300 |a 288 σ. ;   |c 24 εκ.  
500 |a Έκδοση στα πλαίσια της Πανελλαδικής Εκστρατείας του ΥΠ.ΠΟ.Τ. "Περιβάλλον και Πολιτισμός 2008/9".  
650 0 0 |a Trees in art. 
650 0 0 |a Trees. 
700 1 |a Χρυσουλάκη, Στέλλα Δ.  |e edtf 
852 |a INST  |b RHODES  |e 20100712  |h 743.76 ΕΛΛ  |p 005400032792  |q 005400032792  |t BK  |y 0 
852 |a INST  |b RHODES  |e 20100712  |h 743.76 ΕΛΛ  |p 005400032794  |q 005400032794  |t BK  |y 0 
901 |a BIBL4-2010-2 
909 |a Ρ  |b 159976 
909 |a Ρ  |b 159977 
970 |a Κόζα  |b Μαρία  |z 2010/07/12